Detalles MARC
| 000 -LIDER |
| fixed length control field |
00941cam a2200313 c 4500 |
| 001 - NÚMERO DE CONTROL |
| Identificador de número de control |
a497 |
| 003 - IDENTIFICACDOR DE NÚMERO DE CONTROL |
| control field |
DO-SdBNP |
| 005 - DATE AND TIME OF LATEST TRANSACTION |
| control field |
20220606110231.0 |
| 007 - CAMPOS FIJOS DE DESCRIPCIÓN FÍSICA |
| fixed length control field |
a497 |
| 008 - ELEMENTOS DE LONGITUD FIJA |
| fixed length control field |
110103s2010 sp a | |||| 001 0bspa |
| 015 ## - NÚMERO DENTRO DE LA BIBLIOGRAFÍA NACIONAL |
| National bibliography number |
|
| 017 ## - NÚMERO DE REGISTRO DE DERECHOS DE AUTOR |
| Copyright or legal deposit number |
|
| Assigning agency |
|
| 020 ## - ISBN |
| International Standard Book Number |
9788430607952 |
| 035 ## - NÚMERO LOCAL |
| System control number |
|
| 040 ## - FUENTE DE CATALOGACIÓN |
| Agencia que crea de manera original el registro |
BPMSU |
| Idioma de catalogación |
spa |
| Agencia que realiza la transcripción |
BPMSU |
| Convenciones de la despripción |
|
| 080 ## - NÚMERO DE CLASIFICACIÓN DECIMAL UNIVERSAL |
| Universal Decimal Classification number |
|
| 082 #4 - NÚMERO DE CLASIFICACIÓN DECIMAL DE DEWEY |
| Classification number |
923.1 |
| Item number |
I74B 2010 |
| Edition number |
22 |
| 100 1# - ASIENTO PRINCIPAL -- NOMBRE PERSONAL |
| Nombre personal |
Burdiel, Isabel |
| Fechas asociadas con el nombre |
1958- |
| 245 10 - MENCIÓN DE TITULO |
| Título |
Isabel II : |
| Medio (Designación general de material) |
|
| Subtítulo |
una biografía (1830-1904) / |
| Mención de responsabilidad |
Isabel Burdiel |
| 260 ## - PUBLICACIÓN, DISTRIBUCIÓN, ETC. (PIE DE IMPRENTA) |
| Lugar de publicación, distribución, etc |
Madrid : |
| Nombre del editor, distribuidor, etc. |
Santillana, |
| Fecha de publicación, distribución, etc |
2010 |
| 300 ## - DESCRIPCIÓN FÍSICA |
| Extensión |
943 p., [28] p. de lám.; |
| Dimensiones |
25 cm. |
| 490 0# - MENCIÓN DE SERIES |
| Mención de serie |
Memorias y biografías /Taurus |
| 500 ## - NOTA GENERAL |
| Nota general |
Índice |
| 590 ## - NOTA LOCAL |
| Enlace |
Inventariado, 2022/VM |
| 600 14 - ENCABEZAMIENTO DE MATERIA--NOMBRE PERSONAL |
| Nombre personal |
Isabel |
| Numeración |
II, |
| Títulos u otras palabras asociadas con el nombre |
Reina de España |
| Fechas asociadas con el nombre |
1833-1904. |
| Subdivisión de forma |
Biografías |
| Fuente del encabezado o término |
|
| 600 14 - ENCABEZAMIENTO DE MATERIA--NOMBRE PERSONAL |
| Nombre personal |
ISABEL |
| Numeración |
II |
| Títulos u otras palabras asociadas con el nombre |
La Católica, reina de España |
| Fechas asociadas con el nombre |
1451-1504 |
| Subdivisión de forma |
Biografías |
| 910 ## - VALIDACIÓN |
| Validación |
VMateo V./Validado. Control de calidad MFF |
| 942 ## - ADDED ENTRY ELEMENTS (KOHA) |
| Source of classification or shelving scheme |
Dewey Decimal Classification |
| Koha item type |
Libros |